Caragiale jegyében. {Sub semnul lui Caragiale}. [On Caragiale].

Elmentve itt :
Bibliográfiai részletek
Adatforrás:Meister
Forrásdokumentuma:A Hét. -
2002. 6, 5.
Nyelv:magyar
Kulcsszavak:sajtórecenzió
recenzie
press review
Dilema
LEADER 00375nab a2200145 i 4500
001 bibPRO00010539
008 080908s2002 xx hun
040 |a Sz1 
041 |a hun 
245 0 0 |a Caragiale jegyében. {Sub semnul lui Caragiale}. [On Caragiale]. 
695 |a sajtórecenzió 
695 |a recenzie 
695 |a press review 
695 |a Dilema 
773 0 |t A Hét. -  |g 2002. 6, 5.